Derecho administrativo económico

Tallennettuna:
Bibliografiset tiedot
Päätekijät: Martín Mateo, Ramón (autor), Sosa Wagner, Francisco (Tekijä)
Aineistotyyppi: Kirja
Kieli:espanja
Julkaistu: Madrid Pirámide 1974
Sarja:Derecho
Aiheet:
Tagit: Lisää tagi
Ei tageja, Lisää ensimmäinen tagi!

MARC

LEADER 00000nam a2200000 a 4500
001 UCV2060
003 CL-VaPUC
008 911004e19740000SP |||||||||||||||||spa|d
082 0 4 |a 342.06  |b MAR  |2 21 
100 |a Martín Mateo, Ramón  |e autor  |9 561628 
700 0 |a Sosa Wagner, Francisco  |e author  |9 296280 
245 1 0 |a Derecho administrativo económico 
300 |a 285 p 
942 |c BK 
945 |d 19911004 00:00:00 
260 |a Madrid  |b Pirámide  |c 1974 
650 0 |a Derecho administrativo  |9 254851 
650 0 |a Política económica   |9 255029 
651 0 |a España  |9 254926 
583 |a last modification  |c 19911004 00:00:00  |k Rodrigo Vera 
490 0 |a Derecho 
999 |c 209748  |d 209746 
952 |0 0  |1 0  |4 0  |6 342_060000000000000_MAR_1974  |7 0  |8 A  |9 185448  |a BIBDER  |b BIBDER  |d 2019-11-14  |i 2529351  |o 342.06 MAR 1974  |p 2529351  |r 2023-01-25  |w 2019-11-14  |y BK  |k DER